Test de vocabulaire - Anglais moyen - Statistiques

Statistiques générales
  • Ce quiz a été pris 1 092 fois
  • Le résultat moyen est 17 sur 70
Statistiques - réponses
Mot à traduire Première lettre Réponse % Correct
Tortue (nom) T Tortoise
81%
Cauchemar (nom) N Nightmare
75%
Sonner (verbe) R Ring
70%
Mouche (nom) F Fly
64%
Invité (nom) G Guest
61%
Neveu (nom) N Nephew
60%
Mal de tête (nom) H Headache
56%
Colère (nom) A Anger
54%
Cornichon (nom) P Pickle
51%
Fondre (verbe) M Melt
50%
Queue (nom) T Tail
48%
Loup-garou (nom) W Werewolf
44%
Menthe (nom) M Mint
43%
Voleur (nom) T Thief
40%
Cimetière (nom) G Graveyard
38%
Fierté (nom) P Pride
38%
Citation (nom) Q Quote
38%
Cadre (nom) F Frame
35%
Corde (nom) R Rope
34%
Talon (nom) H Heel
33%
Griffe (nom) C Claw
30%
Ventilateur (nom) F Fan
30%
Bande-sonore (nom S Soundtrack
29%
Manche (nom) S Sleeve
27%
Seau (nom) B Bucket
26%
Cesser (verbe) C Cease
25%
Nid (nom) N Nest
24%
Mouette (nom) S Seagull
24%
Pompe (sport) (nom) P Push-up
23%
Rouille (nom) R Rust
23%
Lingette (nom) W Wipe
23%
Sautiller (verbe) H Hop
21%
Taille (corps) (nom) W Waist
21%
Courgette (nom) Z Zucchini
21%
Chenille (nom) C Caterpillar
20%
Patte (nom) P Paw
20%
Coudre (verbe) S Sew
20%
Singe (nom) A Ape
18%
Verser (verbe) P Pour
18%
Lame de rasoir (nom) R Razorblade
18%
Engourdi (adj.) N Numb
17%
Regrouper (verbe) G Gather
16%
Accord (musique) (nom) C Chord
14%
S'accroupir (nom) C Crouch
14%
Eriger (verbe) E Erect
14%
Dinde (nom) G Goose
14%
Gencive (nom) G Gum
13%
Mandarine (nom) T Tangerine
12%
Pierre tombale (nom) G Gravestone
10%
Tuile (nom) T Tile
10%
Engagement (nom) C Commitment
9%
Coussin (nom) C Cushion
9%
Coutellerie (nom) C Cutlery
9%
Etre impatient (to be...) E Eager
9%
Prise électrique (nom) E P (2 mots) Electric plug
9%
Onglet (nom) T Tab
9%
Réfléchi (adj.) T Thoughtful
8%
Border qqn. (verbe) T Tuck
8%
Bave (nom) D Drool
7%
Elastique à cheveux (nom) H Hairtie
7%
Clavicule (nom) C Collarbone
6%
Lancer (verbe) T Toss
6%
Maillon (nom) L Link
5%
Pie (nom) M Magpie
5%
Gronder qqn. (verbe) S Scold
5%
Large (adj.) L Loose
3%
Lointain (adj.) R Remote
3%
Direction (voiture) (nom) S Steer
3%
Coupe de cheveux (nom) T Trim
3%
Graveleux (adj.) G Gritty
1%
Aucun quiz correspondant
Distribution des résultats
% des personnes avec chaque résultat
Percentile par nombre de réponses
Votre historique - résultats
Vous n’avez pas pris ce quiz